000 00882nam a22001937a 4500
999 _c56780
_d56780
003 Ge_BSU
005 20230615104043.0
008 190420s1988 ge ||||| |||| 00| 0 geo d
041 _ageo
080 _a725.1725.1:623.1(479.22) ზ-69
100 _aზაქარაია ,პ.
_9304
245 _aსაქართველოს ძველი ციხესიმაგრეები /
_cპ. ზაქარაია, რედ. მ.დანელია.
264 _aთბილისი . ;
_bსაბჭოთა საქართველო ,
_c1988.
300 _a180 გვ . :
_bილ ;
_c22 სმ.
653 _aხელოვნებათმცოდნეობა
653 _aხუროთმოძღვრება
700 _aზაქარაია, პ.
_eმ. დანელია
_eრედაქტორი
_9305
942 _2udc
_cBK